000 00690nam a22001937a 4500
999 _c13036
_d13036
008 190207b ||||| |||| 00| 0 eng d
020 _a971-550-479-5
082 _22005
_aDFil 808.84
_bZ6a
100 _aZialcita, Fernando Nakpil.
_98099
245 _aMore original than we think/
_cFernando Nakpil Zialcita.
260 _aQuezon City:
_bAteneo de Manila University Press,
_c©2005
300 _aPage 179-210;
_c23 cm.
500 _aIncludes bibliographical references and index.
650 _aCollection of essays (Filipino).
_98100
650 _aEssays (Philippines).
_98101
650 _aEssays
_xCollections
_98102
650 _aGroup identity
_zPhilippines
_98103
942 _2ddc
_cDFIL